Countries with More Cows than People - Statistics

General Stats
  • This quiz has been taken 61,488 times
    12,104 since last reset
  • The average score is 7 of 10
Answer Stats
Ratio Continent Country % Correct
1.83 Oceania New Zealand
89%
1.14 Oceania Australia
87%
1.16 Americas Argentina
84%
1.13 Americas Brazil
75%
3.53 Americas Uruguay
75%
1.98 Americas Paraguay
70%
1.47 Asia Mongolia
58%
1.21 Europe Ireland
51%
1.99 Africa Chad
39%
1.21 Africa South Sudan
25%
No matching quizzes found
Score Distribution
Percent of People with Each Score
Percentile by Number Answered
Your Score History
You have not taken this quiz since the last reset